| 000 | 00518nam a2200181Ia 4500 | ||
|---|---|---|---|
| 005 | 20250508151900.0 | ||
| 008 | 008 250505s9999 xx 000 0 eng d | ||
| 037 | _aBooks to be hide in OPAC | ||
| 040 |
_aFEDL _beng _cFEDL |
||
| 041 |
_aeng _2eng |
||
| 084 |
_a370.95483, TRA/O _qFEDL |
||
| 245 | 0 | _aSyllabi for standard 9th | |
| 245 | 0 | _cGovernment of Travancore-Cochin. Education Department | |
| 260 | _c1956 | ||
| 300 | _a57p. | ||
| 942 |
_cHB _h370.95483, TRA/O |
||
| 999 |
_c1332696 _d1332696 |
||